| 000 | 00644nam a2200193Ia 4500 | ||
|---|---|---|---|
| 003 | GCL | ||
| 008 | 140319s9999 xx 000 0 ara d | ||
| 040 |
_aGCL / _cGCL |
||
| 082 | 0 | 4 |
_a813.03 _bا س |
| 100 | 1 | _aاحمد شمس الدين الحجاجى | |
| 245 | 1 | 0 |
_aسيرة الشيخ نور الدين / _cاحمد شمس الدين الحجاجى |
| 260 |
_a[S.N] : _bالهيئة المصرية العامة للكتاب ، _c1987 |
||
| 300 | _a342 ص | ||
| 490 |
_aسلسلة الرواية العربية _v0 |
||
| 650 | 0 | 4 | _aالادب العربى |
| 650 | 0 | 4 | _aالادب الشعبى |
| 650 | 0 | 4 | _aالقصص |
| 942 |
_2ddc _cBK |
||
| 999 |
_c30267 _d30267 |
||